[Event "Sandefjord op"]
[Site "Sandefjord"]
[Date "2002.10.12"]
[Round "3"]
[White "Nielsen, Lars Erik"]
[Black "Alne, Sture Magne"]
[Result "1/2-1/2"]
[WhiteElo "1398"]
[BlackElo "1488"]
[PlyCount "40"]
[EventDate "2002.10.??"]
[EventType "swiss"]
[EventRounds "5"]
[EventCountry "NOR"]
[SourceTitle "EXT 2005"]
[Source "ChessBase"]
[SourceDate "2004.11.15"]
[SourceVersion "1"]
[SourceVersionDate "2004.11.15"]
[SourceQuality "1"]

1. e4 e6 2. Nf3 c5 3. c3 Nc6 4. d4 d5 5. e5 Qc7 6. Bd3 Bd7 7. 0-0 Rc8 8. Be3 cxd4 9. cxd4 Nb4 10. Nc3 Nxd3 11. Qxd3 Ne7 12. Nb5 Bxb5 13. Qxb5+ Nc6 14. Bd2 Be7 15. Rac1 0-0 16. Rc2 Qd7 17. Qb3 Rc7 18. Rfc1 Rfc8 19. a3 h6 20. Qd3 a6 1/2-1/2